Mistura de Palavras - Capitais da Europa - Statistics

Estatísticas Gerais
  • Esse quiz foi jogado 76 vezes
  • A pontuação média é 10 de 15
Estatísticas das Respostas
Hint Resposta % Correto
Ikve Kiev
100%
Sool Oslo
93%
Erykajkiv Reykjavik
83%
Nkims Minsk
80%
Dgopricoa Podgorica
77%
Grbaze Zagreb
77%
Uinvlis Vilnius
73%
Nntalil Tallinn
63%
Naalbliui Liubliana
60%
Mibrel Berlim
57%
Isianuch Chisinau
52%
Nsrdeol Londres
48%
Jovesraa Sarajevo
43%
Bdlniu Dublin
37%
Pkosej Skopje
25%
Nenhum quiz correspondente encontrado
Distribuição das Pontuações
Porcentagem de Pessoas com Cada Pontuação
Percentil de Números Respondidos
Sua Pontuação Histórica
Você não jogou esse quiz